[Event "Grand Swiss "]
[Date "2025.09.11"]
[White "Volokitin, Andrei"]
[Black "Moussard, Jules"]
[WhiteElo "2628"]
[BlackElo "2591"]
[Round "7.7.47"]
[Result "1/2-1/2"]

1. e4 {[%clk 01:40:57] [%emt 00:00:02]} e5 {[%clk 01:40:54] [%emt 00:00:05]} 2.
Nf3 {[%clk 01:41:22] [%emt 00:00:06]} Nf6 {[%clk 01:41:19] [%emt 00:00:05]} 3.
d4 {[%clk 01:39:56] [%emt 00:01:56]} Nxe4 {[%clk 01:41:16] [%emt 00:00:34]} 4.
Bd3 {[%clk 01:40:22] [%emt 00:00:04]} d5 {[%clk 01:41:37] [%emt 00:00:08]} 5.
Nxe5 {[%clk 01:40:41] [%emt 00:00:11]} Nd7 {[%clk 01:41:55] [%emt 00:00:12]} 6.
Nxd7 {[%clk 01:41:02] [%emt 00:00:09]} Bxd7 {[%clk 01:42:17] [%emt 00:00:09]} 7.
O-O {[%clk 01:41:26] [%emt 00:00:05]} Bd6 {[%clk 01:42:35] [%emt 00:00:12]} 8.
Nc3 {[%clk 01:41:45] [%emt 00:00:11]} Nxc3 {[%clk 01:42:54] [%emt 00:00:11]} 9.
bxc3 {[%clk 01:42:11] [%emt 00:00:05]} O-O {[%clk 01:42:56] [%emt 00:00:28]} 10.
Qh5 {[%clk 01:42:32] [%emt 00:00:07]} f5 {[%clk 01:43:09] [%emt 00:00:17]} 11.
Bg5 {[%clk 01:42:41] [%emt 00:00:21]} Qe8 {[%clk 01:41:36] [%emt 00:02:04]} 12.
Qf3 {[%clk 01:42:58] [%emt 00:00:13]} Qg6 {[%clk 01:41:07] [%emt 00:00:59]} 13.
Bd2 {[%clk 01:43:12] [%emt 00:00:15]} Bc6 {[%clk 01:26:53] [%emt 00:14:45]} 14.
h3 {[%clk 01:42:44] [%emt 00:00:58]} Rae8 {[%clk 01:20:57] [%emt 00:06:26]} 15.
Bf4 {[%clk 01:42:31] [%emt 00:00:43]} Bxf4 {[%clk 01:20:21] [%emt 00:01:06]} 16.
Qxf4 {[%clk 01:42:56] [%emt 00:00:04]} Qd6 {[%clk 01:20:43] [%emt 00:00:09]} 17.
Qxd6 {[%clk 01:34:49] [%emt 00:08:37]} cxd6 {[%clk 01:20:09] [%emt 00:01:04]}
18. a4 {[%clk 00:57:44] [%emt 00:37:35]} g6 {[%clk 01:16:00] [%emt 00:04:39]}
19. a5 {[%clk 00:54:22] [%emt 00:03:52]} Rf7 {[%clk 01:14:39] [%emt 00:01:51]}
20. Rfe1 {[%clk 00:47:49] [%emt 00:07:02]} Rfe7 {[%clk 01:12:01] [%emt
00:03:09]} 21. Rxe7 {[%clk 00:46:16] [%emt 00:02:04]} Rxe7 {[%clk 01:12:27]
[%emt 00:00:03]} 22. Kf1 {[%clk 00:37:48] [%emt 00:08:58]} Kf7 {[%clk 01:11:38]
[%emt 00:01:20]} 23. Rb1 {[%clk 00:37:51] [%emt 00:00:26]} Kf6 {[%clk 01:03:31]
[%emt 00:08:38]} 24. Be2 {[%clk 00:14:19] [%emt 00:24:02]} g5 {[%clk 00:56:03]
[%emt 00:07:58]} 25. Ke1 {[%clk 00:12:52] [%emt 00:01:56]} h5 {[%clk 00:52:34]
[%emt 00:03:59]} 26. g3 {[%clk 00:05:30] [%emt 00:07:52]} h4 {[%clk 00:30:51]
[%emt 00:22:14]} 27. gxh4 {[%clk 00:05:50] [%emt 00:00:09]} gxh4 {[%clk
00:31:18] [%emt 00:00:03]} 28. Kd2 {[%clk 00:06:15] [%emt 00:00:05]} f4 {[%clk
00:30:05] [%emt 00:01:43]} 29. Bf3 {[%clk 00:05:25] [%emt 00:01:19]} Rg7 {[%clk
00:28:08] [%emt 00:02:27]} 30. Re1 {[%clk 00:04:11] [%emt 00:01:44]} Re7 {[%clk
00:26:40] [%emt 00:01:59]} 31. Rb1 {[%clk 00:03:09] [%emt 00:01:31]} Rg7 {[%clk
00:27:04] [%emt 00:00:06]} 32. Bg4 {[%clk 00:01:45] [%emt 00:01:55]} Re7 {[%clk
00:24:30] [%emt 00:03:04]} 33. Rg1 {[%clk 00:01:33] [%emt 00:00:41]} Rg7 {[%clk
00:23:48] [%emt 00:01:13]} 34. Re1 {[%clk 00:01:07] [%emt 00:00:56]} Re7 {[%clk
00:24:03] [%emt 00:00:15]} 35. Rg1 {[%clk 00:00:43] [%emt 00:00:55]} Rg7 {[%clk
00:24:29] [%emt 00:00:04]} 36. Ra1 {[%clk 00:00:40] [%emt 00:00:32]} Re7 {[%clk
00:24:48] [%emt 00:00:11]} 37. Bf3 {[%clk 00:00:53] [%emt 00:00:17]} Rg7 {[%clk
00:24:35] [%emt 00:00:43]} 38. Re1 {[%clk 00:00:45] [%emt 00:00:38]} Re7 {[%clk
00:24:48] [%emt 00:04:13]} 39. Ra1 {[%clk 00:01:20] [%emt 00:01:55]} Rg7 {[%clk
00:24:52] [%emt 00:00:27]} 40. Rh1 {[%clk 00:00:55] [%emt 00:00:54]} Kf5 {[%clk
00:22:41] [%emt 00:02:41]} 41. Ra1 {[%clk 00:36:42] [%emt 00:14:43]} Kf6 {[%clk
01:11:17] [%emt 00:01:54]} 42. a6 {[%clk 00:36:14] [%emt 00:00:58]} b6 {[%clk
00:56:06] [%emt 00:15:42]} 43. c4 {[%clk 00:33:45] [%emt 00:02:59]} Bd7 {[%clk
00:54:44] [%emt 00:01:52]} 44. Bxd5 {[%clk 00:25:13] [%emt 00:09:01]} Bc8 {[%clk
00:54:17] [%emt 00:00:57]} 45. Ra3 {[%clk 00:19:23] [%emt 00:06:20]} Re7 {[%clk
00:53:48] [%emt 00:00:59]} 46. Rf3 {[%clk 00:13:11] [%emt 00:06:41]} Kg5 {[%clk
00:53:36] [%emt 00:00:42]} 47. Ra3 {[%clk 00:13:39] [%emt 00:00:02]} Kf6 {[%clk
00:53:59] [%emt 00:00:07]} 48. Rf3 {[%clk 00:02:43] [%emt 00:11:27]} 1/2-1/2

[Site "Europe Echecs"]

[Event "Grand Swiss "]
[Date "2025.09.11"]
[White "Warmerdam, Max"]
[Black "Sarana, Alexey"]
[WhiteElo "2591"]
[BlackElo "2686"]
[Round "7.7.48"]
[Result "1/2-1/2"]

1. c4 {[%clk 01:40:56] [%emt 00:00:03]} e6 {[%clk 01:39:56] [%emt 00:01:04]} 2.
Nc3 {[%clk 01:41:20] [%emt 00:00:06]} d5 {[%clk 01:39:19] [%emt 00:01:08]} 3. d4
{[%clk 01:41:44] [%emt 00:00:06]} a6 {[%clk 01:39:20] [%emt 00:00:29]} 4. cxd5
{[%clk 01:40:16] [%emt 00:01:57]} exd5 {[%clk 01:39:42] [%emt 00:00:08]} 5. Bf4
{[%clk 01:40:24] [%emt 00:00:22]} Nf6 {[%clk 01:39:36] [%emt 00:00:36]} 6. e3
{[%clk 01:40:48] [%emt 00:00:06]} c5 {[%clk 01:37:43] [%emt 00:02:23]} 7. dxc5
{[%clk 01:37:32] [%emt 00:03:46]} Bxc5 {[%clk 01:37:56] [%emt 00:00:17]} 8. Nf3
{[%clk 01:37:56] [%emt 00:00:05]} Nc6 {[%clk 01:37:07] [%emt 00:01:19]} 9. Be2
{[%clk 01:38:18] [%emt 00:00:09]} O-O {[%clk 01:22:51] [%emt 00:14:46]} 10. O-O
{[%clk 01:38:07] [%emt 00:00:41]} Be6 {[%clk 01:05:25] [%emt 00:17:56]} 11. Rc1
{[%clk 01:10:38] [%emt 00:27:58]} d4 {[%clk 00:55:57] [%emt 00:09:58]} 12. Na4
{[%clk 00:51:23] [%emt 00:19:45]} Ba7 {[%clk 00:55:21] [%emt 00:01:06]} 13. exd4
{[%clk 00:51:34] [%emt 00:00:19]} Nxd4 {[%clk 00:55:37] [%emt 00:00:14]} 14.
Nxd4 {[%clk 00:51:17] [%emt 00:00:46]} Qxd4 {[%clk 00:55:32] [%emt 00:00:35]}
15. Qxd4 {[%clk 00:50:21] [%emt 00:01:26]} Bxd4 {[%clk 00:53:19] [%emt
00:02:43]} 16. Bf3 {[%clk 00:50:46] [%emt 00:00:05]} Bxa2 {[%clk 00:48:11] [%emt
00:05:39]} 17. Bxb7 {[%clk 00:50:51] [%emt 00:00:24]} Ra7 {[%clk 00:48:24] [%emt
00:00:17]} 18. Bf3 {[%clk 00:49:06] [%emt 00:02:14]} Bb3 {[%clk 00:40:33] [%emt
00:08:22]} 19. Nc5 {[%clk 00:47:53] [%emt 00:01:43]} Bd5 {[%clk 00:40:37] [%emt
00:00:26]} 20. Rcd1 {[%clk 00:47:02] [%emt 00:01:22]} Bxc5 {[%clk 00:39:54]
[%emt 00:01:13]} 21. Bxd5 {[%clk 00:47:26] [%emt 00:00:05]} Nxd5 {[%clk
00:40:12] [%emt 00:00:12]} 22. Rxd5 {[%clk 00:47:51] [%emt 00:00:05]} Be7 {[%clk
00:40:36] [%emt 00:00:06]} 23. Ra1 {[%clk 00:48:03] [%emt 00:00:19]} Bf6 {[%clk
00:40:58] [%emt 00:00:07]} 24. Be5 {[%clk 00:48:02] [%emt 00:00:31]} Bxe5 {[%clk
00:41:22] [%emt 00:00:06]} 25. Rxe5 {[%clk 00:48:29] [%emt 00:00:04]} Rb7 {[%clk
00:41:45] [%emt 00:00:07]} 26. Rxa6 {[%clk 00:48:52] [%emt 00:00:08]} Rxb2
{[%clk 00:42:11] [%emt 00:00:03]} 27. g3 {[%clk 00:49:16] [%emt 00:00:06]} g6
{[%clk 00:42:39] [%emt 00:00:03]} 28. Re3 {[%clk 00:49:40] [%emt 00:00:06]} Rb5
{[%clk 00:43:05] [%emt 00:00:04]} 29. Rf3 {[%clk 00:50:06] [%emt 00:00:04]} Kg7
{[%clk 00:43:31] [%emt 00:00:03]} 30. h4 {[%clk 00:50:32] [%emt 00:00:04]} h5
{[%clk 00:43:57] [%emt 00:00:05]} 1/2-1/2

[Site "Europe Echecs"]

[Event "Grand Swiss "]
[Date "2025.09.11"]
[White "Xu, Xiangyu"]
[Black "Wojtaszek, Radoslaw"]
[WhiteElo "2615"]
[BlackElo "2661"]
[Round "7.7.49"]
[Result "1/2-1/2"]

1. d4 {[%clk 01:40:56] [%emt 00:00:03]} Nf6 {[%clk 01:40:56] [%emt 00:00:04]} 2.
c4 {[%clk 01:41:19] [%emt 00:00:08]} e6 {[%clk 01:41:22] [%emt 00:00:04]} 3. Nc3
{[%clk 01:41:44] [%emt 00:00:05]} Bb4 {[%clk 01:41:48] [%emt 00:00:04]} 4. Qc2
{[%clk 01:42:08] [%emt 00:00:06]} d5 {[%clk 01:42:01] [%emt 00:00:16]} 5. cxd5
{[%clk 01:42:32] [%emt 00:00:07]} exd5 {[%clk 01:42:27] [%emt 00:00:05]} 6. Bg5
{[%clk 01:42:56] [%emt 00:00:05]} h6 {[%clk 01:42:34] [%emt 00:00:22]} 7. Bh4
{[%clk 01:43:21] [%emt 00:00:06]} O-O {[%clk 01:42:30] [%emt 00:00:34]} 8. e3
{[%clk 01:43:45] [%emt 00:00:06]} c5 {[%clk 01:42:16] [%emt 00:00:44]} 9. dxc5
{[%clk 01:44:07] [%emt 00:00:09]} Be6 {[%clk 01:42:31] [%emt 00:00:14]} 10. Nf3
{[%clk 01:44:25] [%emt 00:00:11]} Nbd7 {[%clk 01:42:38] [%emt 00:00:24]} 11. Be2
{[%clk 01:44:48] [%emt 00:00:07]} Rc8 {[%clk 01:42:28] [%emt 00:00:40]} 12. c6
{[%clk 01:45:10] [%emt 00:00:08]} Rxc6 {[%clk 01:42:28] [%emt 00:00:29]} 13. Nd4
{[%clk 01:44:12] [%emt 00:01:29]} Rc8 {[%clk 01:42:48] [%emt 00:00:10]} 14. O-O
{[%clk 01:44:31] [%emt 00:00:10]} Qe7 {[%clk 01:39:29] [%emt 00:03:49]} 15. Qb3
{[%clk 01:35:15] [%emt 00:09:46]} Bxc3 {[%clk 01:29:04] [%emt 00:10:56]} 16.
bxc3 {[%clk 01:35:39] [%emt 00:00:06]} Nc5 {[%clk 01:29:28] [%emt 00:00:06]} 17.
Qb4 {[%clk 01:17:06] [%emt 00:19:03]} g5 {[%clk 01:29:05] [%emt 00:00:52]} 18.
Bg3 {[%clk 01:17:29] [%emt 00:00:07]} Nfe4 {[%clk 01:29:26] [%emt 00:00:10]} 19.
c4 {[%clk 01:14:42] [%emt 00:03:18]} dxc4 {[%clk 01:16:00] [%emt 00:13:55]} 20.
Nxe6 {[%clk 01:15:05] [%emt 00:00:07]} Qxe6 {[%clk 01:16:27] [%emt 00:00:03]}
21. Bxc4 {[%clk 01:15:27] [%emt 00:00:08]} Qf6 {[%clk 01:12:02] [%emt 00:04:54]}
22. Bd5 {[%clk 01:09:06] [%emt 00:06:52]} Nc3 {[%clk 01:02:28] [%emt 00:10:04]}
23. Bxb7 {[%clk 01:09:29] [%emt 00:00:07]} a5 {[%clk 01:02:46] [%emt 00:00:12]}
24. Qb2 {[%clk 01:09:44] [%emt 00:00:15]} Nxb7 {[%clk 01:00:38] [%emt 00:02:38]}
25. Qxb7 {[%clk 01:10:08] [%emt 00:00:06]} Ne2+ {[%clk 01:01:03] [%emt
00:00:03]} 26. Kh1 {[%clk 01:10:34] [%emt 00:00:05]} Rc2 {[%clk 01:00:48] [%emt
00:00:46]} 27. Qd5 {[%clk 01:01:33] [%emt 00:09:32]} Nxg3+ {[%clk 00:47:52]
[%emt 00:13:26]} 28. fxg3 {[%clk 01:01:56] [%emt 00:00:07]} Qe6 {[%clk 00:48:19]
[%emt 00:00:03]} 29. Rf5 {[%clk 00:51:24] [%emt 00:11:02]} Qxd5 {[%clk 00:43:09]
[%emt 00:05:40]} 30. Rxd5 {[%clk 00:51:46] [%emt 00:00:08]} Rb8 {[%clk 00:43:35]
[%emt 00:00:03]} 31. Rxa5 {[%emt 00:00:24]} 1/2-1/2

[Site "Europe Echecs"]

[Event "Grand Swiss "]
[Date "2025.09.11"]
[White "Madaminov, Mukhiddin"]
[Black "Indjic, Aleksandar"]
[WhiteElo "2560"]
[BlackElo "2650"]
[Round "7.7.50"]
[Result "1/2-1/2"]

1. e4 {[%clk 01:40:40] [%emt 00:00:07]} e5 {[%emt 00:00:33]} 2. Nf3 {[%emt
00:00:08]} Nc6 {[%clk 01:40:56] [%emt 00:00:05]} 3. Bc4 {[%clk 01:41:18]} Nf6
{[%clk 01:41:16] [%emt 00:00:21]} 4. d3 {[%clk 01:41:38]} Be7 {[%clk 01:41:15]
[%emt 00:00:41]} 5. Nc3 {[%clk 01:40:55]} d6 {[%clk 01:41:18] [%emt 00:01:40]}
6. a3 {[%clk 01:41:15]} O-O {[%clk 01:41:33] [%emt 00:00:24]} 7. O-O {[%clk
01:39:38]} Bg4 {[%clk 01:38:22] [%emt 00:05:48]} 8. h3 {[%clk 01:38:49]} Bh5
{[%clk 01:38:22]} 9. Nd5 {[%clk 01:38:49]} Nxd5 {[%clk 01:38:22]} 10. Bxd5
{[%clk 01:38:49]} Qc8 {[%clk 01:39:29] [%emt 00:02:02]} 11. c3 {[%clk 01:36:27]}
Kh8 {[%clk 01:38:13] [%emt 00:05:18]} 12. g4 {[%clk 01:36:40]} Bg6 {[%clk
01:38:12] [%emt 00:00:49]} 13. d4 {[%clk 01:34:20]} h6 {[%clk 01:17:15] [%emt
00:24:17]} 14. Re1 {[%clk 01:27:45]} Bf6 {[%clk 01:17:08] [%emt 00:07:43]} 15.
dxe5 {[%clk 01:25:57]} Nxe5 {[%clk 01:12:53] [%emt 00:07:02]} 16. Nxe5 {[%clk
01:17:18]} dxe5 {[%clk 01:12:11] [%emt 00:10:22]} 17. Qf3 {[%clk 01:15:40]} Bh4
{[%clk 01:10:32] [%emt 00:04:15]} 18. Be3 {[%clk 01:11:16]} c6 {[%clk 01:09:19]
[%emt 00:06:37]} 19. Bb3 {[%clk 01:10:52]} Qc7 {[%clk 01:09:42] [%emt 00:01:03]}
20. Red1 {[%clk 01:09:50]} Rfd8 {[%clk 01:09:55] [%emt 00:01:49]} 21. Rxd8+
{[%clk 01:03:28]} Rxd8 {[%clk 01:10:04] [%emt 00:07:12]} 22. Rd1 {[%clk
01:03:39]} Rxd1+ {[%clk 01:10:10] [%emt 00:00:43]} 23. Bxd1 {[%clk 01:04:03]}
Qd8 {[%clk 01:10:10]} 24. Bc2 {[%clk 01:04:03]} b6 {[%clk 01:10:10]} 25. Qe2
{[%clk 01:04:03]} Bg5 {[%clk 01:09:23] [%emt 00:06:34]} 26. Kg2 {[%clk
01:00:47]} Bxe3 {[%clk 01:05:50] [%emt 00:04:39]} 27. Qxe3 {[%clk 01:01:09]} Kg8
{[%clk 01:06:13] [%emt 00:00:14]} 28. Kg3 {[%clk 00:59:04]} Kf8 {[%clk 01:01:59]
[%emt 00:07:19]} 29. h4 {[%clk 00:59:23] [%emt 00:00:11]} f6 {[%clk 01:01:41]
[%emt 00:00:48]} 30. Bb3 {[%clk 00:59:35] [%emt 00:00:18]} 1/2-1/2

[Site "Europe Echecs"]

[Event "Grand Swiss "]
[Date "2025.09.11"]
[White "Kollars, Dmitrij"]
[Black "Wagner, Dennis"]
[WhiteElo "2647"]
[BlackElo "2608"]
[Round "7.7.51"]
[Result "1-0"]

1. d4 {[%clk 01:40:52] [%emt 00:00:07]} Nf6 {[%clk 01:40:12] [%emt 00:00:49]} 2.
Nf3 {[%clk 01:41:12] [%emt 00:00:10]} d5 {[%clk 01:40:13] [%emt 00:00:28]} 3. g3
{[%clk 01:41:12] [%emt 00:00:30]} g6 {[%clk 01:34:05] [%emt 00:06:38]} 4. Bg2
{[%clk 01:41:29] [%emt 00:00:14]} Bg7 {[%clk 01:34:31] [%emt 00:00:04]} 5. O-O
{[%clk 01:41:42] [%emt 00:00:17]} O-O {[%clk 01:34:56] [%emt 00:00:05]} 6. c4
{[%clk 01:41:52] [%emt 00:00:20]} dxc4 {[%clk 01:23:18] [%emt 00:12:08]} 7. Na3
{[%clk 01:42:00] [%emt 00:00:22]} c5 {[%clk 01:18:21] [%emt 00:05:27]} 8. Nxc4
{[%clk 01:41:50] [%emt 00:00:40]} Be6 {[%clk 01:16:54] [%emt 00:01:57]} 9. Nfe5
{[%clk 01:41:26] [%emt 00:00:54]} Nc6 {[%clk 01:11:58] [%emt 00:05:26]} 10. dxc5
{[%clk 01:32:10] [%emt 00:09:45]} Nxe5 {[%clk 01:09:48] [%emt 00:02:41]} 11.
Nxe5 {[%clk 01:28:43] [%emt 00:03:57]} Nd5 {[%clk 00:52:55] [%emt 00:17:23]} 12.
Nd3 {[%clk 01:26:52] [%emt 00:02:20]} b6 {[%clk 00:52:18] [%emt 00:01:09]} 13.
Bd2 {[%clk 01:19:42] [%emt 00:07:39]} bxc5 {[%clk 00:40:17] [%emt 00:12:32]} 14.
Nxc5 {[%clk 01:16:51] [%emt 00:03:19]} Bxb2 {[%clk 00:40:00] [%emt 00:00:48]}
15. Rb1 {[%clk 01:15:34] [%emt 00:01:46]} Bg7 {[%clk 00:39:52] [%emt 00:00:39]}
16. Rb3 {[%clk 01:02:57] [%emt 00:13:07]} Rc8 {[%clk 00:30:55] [%emt 00:09:27]}
17. Nxe6 {[%clk 01:01:45] [%emt 00:01:42]} fxe6 {[%clk 00:31:21] [%emt
00:00:04]} 18. Rd3 {[%clk 00:56:52] [%emt 00:05:21]} Qb6 {[%clk 00:31:42] [%emt
00:00:11]} 19. Bxd5 {[%clk 00:53:47] [%emt 00:03:34]} exd5 {[%clk 00:32:10]
[%emt 00:00:03]} 20. Rxd5 {[%clk 00:54:02] [%emt 00:00:14]} Bd4 {[%clk 00:30:37]
[%emt 00:02:03]} 21. e3 {[%clk 00:48:57] [%emt 00:05:36]} Bf6 {[%clk 00:31:02]
[%emt 00:00:05]} 22. Qa4 {[%clk 00:37:04] [%emt 00:12:23]} Qc6 {[%clk 00:20:36]
[%emt 00:10:56]} 23. Qxc6 {[%clk 00:27:27] [%emt 00:10:07]} Rxc6 {[%clk
00:21:04] [%emt 00:00:01]} 24. Bb4 {[%clk 00:27:46] [%emt 00:00:12]} Kf7 {[%clk
00:16:08] [%emt 00:05:25]} 25. Rfd1 {[%clk 00:24:50] [%emt 00:03:26]} h5 {[%clk
00:14:42] [%emt 00:01:56]} 26. Kg2 {[%clk 00:21:43] [%emt 00:03:37]} Ke6 {[%clk
00:11:46] [%emt 00:03:27]} 27. a3 {[%clk 00:21:27] [%emt 00:00:46]} Rc2 {[%clk
00:03:38] [%emt 00:08:37]} 28. Ra5 {[%clk 00:14:31] [%emt 00:07:26]} Bd4 {[%clk
00:03:54] [%emt 00:00:14]} 29. Rd2 {[%clk 00:10:21] [%emt 00:04:41]} Rxd2 {[%clk
00:04:17] [%emt 00:00:08]} 30. Bxd2 {[%clk 00:10:47] [%emt 00:00:03]} Bb6 {[%clk
00:04:42] [%emt 00:00:05]} 31. Rg5 {[%clk 00:10:32] [%emt 00:00:45]} Rd8 {[%clk
00:04:40] [%emt 00:00:31]} 32. Bb4 {[%clk 00:09:35] [%emt 00:01:27]} Kf6 {[%clk
00:04:21] [%emt 00:00:50]} 33. Rb5 {[%clk 00:09:53] [%emt 00:00:11]} Rc8 {[%clk
00:03:00] [%emt 00:01:51]} 34. a4 {[%clk 00:08:00] [%emt 00:02:25]} Rc2 {[%clk
00:03:19] [%emt 00:00:10]} 35. Kf1 {[%clk 00:06:39] [%emt 00:01:52]} Ke6 {[%clk
00:01:53] [%emt 00:01:55]} 36. Ba5 {[%clk 00:04:55] [%emt 00:02:14]} Bc5 {[%clk
00:01:27] [%emt 00:00:56]} 37. Bb4 {[%clk 00:04:31] [%emt 00:00:54]} Bb6 {[%clk
00:01:41] [%emt 00:00:16]} 38. a5 {[%clk 00:04:20] [%emt 00:00:41]} Bd8 {[%clk
00:02:05] [%emt 00:00:06]} 39. Rg5 {[%clk 00:03:26] [%emt 00:01:24]} Rc4 {[%clk
00:01:04] [%emt 00:01:31]} 40. Bd2 {[%clk 00:01:54] [%emt 00:02:01]} Kf6 {[%clk
00:00:57] [%emt 00:00:38]} 41. Rd5 {[%clk 00:48:22] [%emt 00:04:01]} Bc7 {[%clk
00:50:34] [%emt 00:00:54]} 42. Ke2 {[%clk 00:46:18] [%emt 00:02:34]} a6 {[%clk
00:29:12] [%emt 00:21:52]} 43. Kd3 {[%clk 00:44:49] [%emt 00:01:59]} Rc6 {[%clk
00:29:36] [%emt 00:00:06]} 44. e4 {[%clk 00:42:32] [%emt 00:02:46]} Kf7 {[%clk
00:29:48] [%emt 00:00:18]} 45. f4 {[%clk 00:39:51] [%emt 00:03:10]} Bd6 {[%clk
00:23:20] [%emt 00:06:59]} 46. Rg5 {[%clk 00:22:16] [%emt 00:18:05]} e6 {[%clk
00:04:51] [%emt 00:19:00]} 47. f5 {[%clk 00:22:37] [%emt 00:00:10]} gxf5 {[%clk
00:05:07] [%emt 00:00:13]} 48. Rxh5 {[%clk 00:20:48] [%emt 00:02:19]} fxe4+
{[%clk 00:01:58] [%emt 00:03:38]} 49. Kxe4 {[%clk 00:21:12] [%emt 00:00:06]} Bc7
{[%clk 00:01:46] [%emt 00:00:42]} 50. g4 {[%clk 00:14:44] [%emt 00:06:58]} Rc4+
{[%clk 00:02:11] [%emt 00:00:06]} 51. Kf3 {[%clk 00:15:10] [%emt 00:00:03]} e5
{[%clk 00:00:46] [%emt 00:01:55]} 52. Rh6 {[%clk 00:12:13] [%emt 00:03:28]} e4+
{[%clk 00:01:07] [%emt 00:00:09]} 53. Ke3 {[%clk 00:12:37] [%emt 00:00:04]} Bd8
{[%clk 00:01:09] [%emt 00:00:30]} 54. h4 {[%clk 00:11:36] [%emt 00:01:31]} Be7
{[%clk 00:01:35] [%emt 00:00:03]} 55. g5 {[%clk 00:08:47] [%emt 00:03:20]} Bc5+
{[%clk 00:01:58] [%emt 00:00:07]} 56. Ke2 {[%clk 00:09:16] [%emt 00:00:01]} Rc2
{[%clk 00:01:04] [%emt 00:01:23]} 57. Kd1 {[%clk 00:08:46] [%emt 00:01:01]} Ra2
{[%clk 00:01:33] [%emt 00:00:01]} 58. Rc6 {[%clk 00:06:39] [%emt 00:02:36]} e3
{[%clk 00:01:43] [%emt 00:00:20]} 59. g6+ {[%clk 00:06:24] [%emt 00:00:46]} Ke7
{[%clk 00:01:54] [%emt 00:00:19]} 60. Bc3 {[%clk 00:01:17] [%emt 00:05:38]} Bd6
{[%clk 00:01:06] [%emt 00:01:17]} 61. Rxd6 {[%clk 00:11:30] [%emt 00:05:17]}
Kxd6 {[%clk 00:15:59] [%emt 00:00:36]} 62. g7 {[%clk 00:11:55] [%emt 00:00:05]}
Rg2 {[%clk 00:14:56] [%emt 00:01:33]} 63. h5 {[%clk 00:12:15] [%emt 00:00:10]}
Ke6 {[%clk 00:01:43] [%emt 00:13:43]} 64. h6 {[%clk 00:12:38] [%emt 00:00:08]}
Kf7 {[%clk 00:02:08] [%emt 00:00:05]} 65. h7 {[%clk 00:13:01] [%emt 00:00:06]}
Rd2+ {[%clk 00:02:33] [%emt 00:00:05]} 66. Ke1 {[%clk 00:13:07] [%emt 00:00:24]}
1-0

[Site "Europe Echecs"]